Logo BPK

Biblioteka

Politechniki Koszalińskiej

The New Exploring World History / (Rekord nr 47867)

Szczegóły MARC
000 -ETYKIETA REKORDU
podpole kontrolne o stałej długości 00582nam a2200205 i 4500
001 - NUMER KONTROLNY REKORDU
pole kontrolne bgj
020 ## - MIĘDZYNARODOWY ZNORMALIZOWANY NUMER KSIĄŻKI - ISBN
ISBN 0870655426
040 ## - ŹRÓDŁO KATALOGOWANIA
Instytucja, która utworzyła rekord BPK
041 0# - KOD JĘZYKA
Kod języka tekstu eng
920 ## - Międzynarodowy znormalizowany numer książki – ISBN
ISBN 0-87065-542-6
008 - POLE O STAŁEJ DŁUGOŚCI - DANE KONTROLNE
podpole kontrolne o stałej długości s uk f |000 0 eng
100 1# - NAZWA OSOBOWA
Nazwa osobowa HOLT, Sol.
245 10 - TYTUŁ/ODPOWIEDZIALNOŚĆ
Tytuł The New Exploring World History /
Pozostałe elementy strefy tytułu i oznaczenia odpowiedzialności Sol Holt ; John R. O'Connor.
260 ## - STREFA ADRESU WYDAWNICZEGO
Miejsce wydania New York [etc.] :
Nazwa wydawcy/dystrybutora Globe Book Company, Inc.,
Data publikacji, dystrybucji/powstania dokumentu c. 1977.
300 ## - STREFA OPISU FIZYCZNEGO
Objętość XVI, 700 pp :
Inne cechy fizyczne ill. ;
Rozmiary 25 cm.
505 ## - SFORMALIZOWANA UWAGA DOTYCZĄCA ZAWARTOŚCI
Pełny tekst uwagi Includes index.
650 #9 - HASŁO PRZEDMIOTOWE W FORMIE NAZWY OGÓLNEJ LUB JEDNOSTKOWEJ
Nazwa ogólna lub geograficzna World history
700 1# - HASŁO DODATKOWE - NAZWA OSOBOWA
Nazwa osobowa O'CONNOR, John R.
Daty związane z nazwą (1920- ).
Określenie związku między hasłem a opisywanym materiałem co-author
942 ## - DODATKOWE ELEMENTY (KOHA)
Typ dokumentu Książka
Egzemplarze
Wycofany Status egzemplarza Uszkodzony Dostępność Lokalizacja stała Lokalizacja bieżąca Miejsce przechowywania Sygnatura Kod kreskowy Typ dokumentu
      Tylko na miejscu Biblioteka Politechniki Koszalińskiej Biblioteka Politechniki Koszalińskiej Czytelnia Wydziałowa ul. Kwiatkowskiego 6e KA 4583 09018525 Książka
© 2023 Biblioteka Politechniki Koszalińskiej :: KOHA